000 00654nam a2200205Ia 4500
005 20231007111141.0
008 131103s9999 xx 000 0 und d
020 _a99824302
040 _aLoreto College
041 _aEnglish
082 _aF
_bREN
100 _aRendell,Ruth
245 4 _aThe Ruth Rendell Mysteries
_b An Inspector Wexford Omnibus featuring The Best Man to die,An unkindness of Ravens,The veiled one
_cRuth Rendell
260 _aLondon
_bArrow Books
_c1994
300 _a670 p.
504 _aContents: The Best Man to die,An unkindness of Ravens,The Veiled one
650 _aFiction in English
850 _aLCLIB
942 _cBK
999 _c15734
_d66213